ENGINEERING GRAPHICS FOR DIPLOMA (Record no. 216898)
[ view plain ]
| 000 -LEADER | |
|---|---|
| fixed length control field | 00509nam a22001577a 4500 |
| 008 - FIXED-LENGTH DATA ELEMENTS--GENERAL INFORMATION | |
| fixed length control field | 260330b |||||||| |||| 00| 0 eng d |
| 020 ## - INTERNATIONAL STANDARD BOOK NUMBER | |
| International Standard Book Number | 978-81-203- 3722-0 |
| 100 ## - MAIN ENTRY--PERSONAL NAME | |
| Personal name | JOHN, K. C. |
| 245 ## - TITLE STATEMENT | |
| Title | ENGINEERING GRAPHICS FOR DIPLOMA |
| 260 ## - PUBLICATION, DISTRIBUTION, ETC. | |
| Place of publication, distribution, etc. | DELHI |
| Name of publisher, distributor, etc. | PHI LEARNING PRIVATE |
| Date of publication, distribution, etc. | 2022 |
| 300 ## - PHYSICAL DESCRIPTION | |
| Extent | VII, 366P. |
| 500 ## - GENERAL NOTE | |
| General note | INCLUDES INDEX |
| 650 ## - SUBJECT ADDED ENTRY | |
| Topical term or geographic name entry element | 1. ENGINEERING GRAPHICS -TEXTBOOKS 2. MECHANICAL DRAWING -TEXTBOOKS 3. TECHNICAL DRAWING -STUDY AND TEACHING |
| 942 ## - ADDED ENTRY ELEMENTS (KOHA) | |
| Source of classification or shelving scheme | Library of Congress Classification |
| Koha item type | Long Loan Book |
| Withdrawn status | Lost status | Source of classification or shelving scheme | Damaged status | Not for loan | Collection | Home library | Current library | Shelving location | Date acquired | Inventory number | Total checkouts | Full call number | Barcode | Date last seen | Copy number | Price effective from | Koha item type |
|---|---|---|---|---|---|---|---|---|---|---|---|---|---|---|---|---|---|
| Library of Congress Classification | Science & Technology | Kisii University Library | Kisii University Library | On Display | 03/30/2026 | 112594 | T 353 .J64 2022 | A000713 | 03/30/2026 | 1 | 03/30/2026 | Long Loan Book | |||||
| Library of Congress Classification | Science & Technology | Kisii University Library | Kisii University Library | On Display | 03/30/2026 | 112595 | T 353 .J64 2022 | A000711 | 03/30/2026 | 2 | 03/30/2026 | Long Loan Book | |||||
| Library of Congress Classification | Science & Technology | Kisii University Library | Kisii University Library | On Display | 03/30/2026 | 112596 | T 353 .J64 2022 | A000709 | 03/30/2026 | 3 | 03/30/2026 | Long Loan Book | |||||
| Library of Congress Classification | Science & Technology | Kisii University Library | Kisii University Library | On Display | 03/30/2026 | 112597 | T 353 .J64 2022 | A000714 | 03/30/2026 | 4 | 03/30/2026 | Long Loan Book |